| 000 | 00407nam a2200157 a 4500 | ||
|---|---|---|---|
| 005 | 20140310183209.0 | ||
| 008 | 030423s19uu xx 00 eng d | ||
| 050 |
_aPZ 3 _b.R738 1970 |
||
| 100 | _aRohmer, Sax | ||
| 245 |
_aThe shadow of Fu Manchu / _cSax Rohmer. |
||
| 260 |
_aNew York : _bPyramid Books, _c1970. |
||
| 300 |
_a159 p. : _b18 cm. |
||
| 650 | _aFiction. | ||
| 942 |
_cBK _2lcc |
||
| 999 |
_c20085 _d20085 |
||